Zatrzymania pociągów Intercity między Warszawą a Poznaniem - Statystyki

Ogólne statystyki
  • Ten quiz został rozwiązany 52 razy
  • Średni wynik to 10 z 12
Statystyki odpowiedzi
Stacja % Poprawnych
Koło
90%
Konin
90%
Kutno
90%
Warszawa Centralna
88%
Warszawa Wschodnia
88%
Warszawa Zachodnia
88%
Poznań Główny
86%
Swarzędz
78%
Września
76%
Sochaczew
75%
Łowicz Główny
69%
Słupca
61%
Nie znaleziono quizów pasujących do podanych kryteriów
Rozkład punktacji
Procent ludzi z każdym wynikiem
Percentyl według liczby udzielonych odpowiedzi
Twoja historia wyników
Nie rozwiązałeś tego quizu